00259nam a2200109Ia 4500008004100000041000800041082002100049100001500070245002600085260002900111300000900140230411s9999 xx 000 0 und d aeng aX/823/FRA/B07152 aFrank Anne aDiary of a Young Girl bPenguinaNew Delhic2001 a424p